书目信息 |
| 题名: |
酷车电子产品制作
|
|
| 作者: | 哈珀 著 ;王哲 , 王雅宁 译 | |
| 分册: | ||
| 出版信息: | 北京 科学出版社 2007.04 |
|
| 页数: | 211页 | |
| 开本: | 24cm | |
| 丛书名: | 图解电子创新制作 | |
| 单 册: | ||
| 中图分类: | U463.6-64 | |
| 科图分类: | ||
| 主题词: | 汽车--qi che--电气设备--制作--图解 | |
| 电子资源: | ||
| ISBN: | 978-7-03-018574-7 | |
| 000 | 01390nam 2200337 450 | |
| 001 | 012007752679 | |
| 005 | 20070920161953.92 | |
| 010 | @a978-7-03-018574-7@dCNY29.00 | |
| 100 | @a20070821d2007 km y0chiy0120 ea | |
| 101 | 1 | @achi@ceng |
| 102 | @aCN@b110000 | |
| 105 | @aa z 000yy | |
| 200 | 1 | @a酷车电子产品制作@Aku che dian zi chan pin zhi zuo@f(英) Gavin D.J.Harper著@F(ying)Gavin D.J.Harper zhu@g王哲, 王雅宁译@Gwang zhe,wang ya ning yi |
| 210 | @a北京@c科学出版社@d2007.04 | |
| 215 | @a211页@c图@d24cm | |
| 225 | 2 | @a图解电子创新制作@Atu jie dian zi chuang xin zhi zuo |
| 305 | @a据The McGraw-Hill Companies, Inc. 2006年英文版译出。 | |
| 306 | @a由科学出版社和美国麦格劳-希尔教育 (亚洲) 出版公司合作出版。 | |
| 312 | @a英文并列题名取自书中。 | |
| 314 | @a责任者规范汉译姓 : 哈珀。 | |
| 330 | @a全书共15章,内容包括:仪表、舒适装置和智能装置的安装、车载PC、电源、显示器技术、输入设备、车内音响、语音识别等。 | |
| 410 | 0 | @12001 @a图解电子创新制作 |
| 500 | 10 | @a50 awesome auto projects for the evil genius@mChinese |
| 512 | 1 | @a酷车电子产品制作DIY50项目@Aku che dian zi chan pin zhi zuo DIY50 xiang mu |
| 606 | 0 | @a汽车@Aqi che@x电气设备@x制作@j图解 |
| 690 | @aU463.6-64@v4 | |
| 701 | 1 | @a哈珀@Aha po@g(Harper, Gavin D. J.)@4著 |
| 702 | 0 | @a王哲@Awang zhe@4译 |
| 702 | 0 | @a王雅宁@Awang ya ning@4译 |
| 801 | 0 | @aCN@c20070920 |
| 905 | @dU463.6-64@eH024 | |
| 酷车电子产品制作/(英) Gavin D.J.Harper著/王哲, 王雅宁译.-北京:科学出版社,2007.04 |
| 211页:图;24cm.-(图解电子创新制作) |
| ISBN 978-7-03-018574-7:CNY29.00 |
| 全书共15章,内容包括:仪表、舒适装置和智能装置的安装、车载PC、电源、显示器技术、输入设备、车内音响、语音识别等。 |
| ● |
| 相关链接 |
|
|
|
正题名:酷车电子产品制作
索取号:U463.6-64/H024
 
预约/预借
| 序号 | 登录号 | 条形码 | 馆藏地/架位号 | 状态 | 备注 |
| 1 | 261424 | 202614242 | 自科库501/501自科库 56排3列2层/ [索取号:U463.6-64/H024] | 在馆 | |
| 2 | 261425 | 202614251 | 自科库501/501自科库 56排3列2层/ [索取号:U463.6-64/H024] | 在馆 |